2 Words, 1 Answer: F Quiz Stats

 Plays Quiz Updated May 24, 2020

     
Support Sporcle.
Go Orange.
Score 0/20 Timer 05:00
5 Plays Today
TWO WORDS ONE WORD (begins with F) % Correct
Flintstone. Father.Fred
96.7%
Earth. Wind.Fire
95.9%
Niagara. Victoria.Falls
94.7%
Two. Squared.Four
92.5%
Arachnophobia. Claustrophobia.Fear
92.5%
Pink. Bird. Flamingo
91.9%
Old. McDonald's.Farm
91.9%
Helsinki. Home.Finland
90.2%
Cinco. Fünf.Five
87.6%
Pointer. Index.Finger
87%
TWO WORDS ONE WORD (begins with F) % Correct
Celsius. Counterpart.Fahrenheit
82.6%
Aesop's. Genre.Fable
80.6%
Nemo. Vigoda.Fish
76%
Addams. Uncle.Fester
71.3%
Overnight. Shipper.FedEx
68.1%
Progressive. Mascot.Flo
53.6%
Groening. Show.Futurama
48.4%
Mae. Flagg.Fannie
42.9%
Crusoe. Cohort.Friday
42.6%
Rapper. Wap.Fetty
35.5%

From the Vault

Get It Right, Get a Hint

by MSUKent

This quiz would be so much better if instead of a hint you got candy.
Remove Ads.
Support Sporcle.
Get the best of Sporcle when you Go Orange. This ad-free experience offers more features, more stats, and more fun while also helping to support Sporcle. Thank you for becoming a member.

Show Comments

Extras

Top Quizzes Today


Score Distribution

Your Account Isn't Verified!

In order to create a playlist on Sporcle, you need to verify the email address you used during registration. Go to your Sporcle Settings to finish the process.

Report this User

Report this user for behavior that violates our Community Guidelines.

Details: